La conexión en el proceso penal

Uloženo v:
Podrobná bibliografie
Hlavní autor: Oliva Santos, Andrés de la (autor)
Médium: Kniha
Jazyk:španělština
Vydáno: Pamplona Universidad de Navarra 1972
Témata:
Tagy: Přidat tag
Žádné tagy, Buďte první, kdo vytvoří štítek k tomuto záznamu!

MARC

LEADER 00000nam a2200000 a 4500
001 UCV1273
003 CL-VaPUC
008 900326e19720000SP |||||||||||||||||spa|d
082 0 4 |a 345.05  |b OLI  |2 21 
100 |a Oliva Santos, Andrés de la  |e autor  |9 574899 
245 1 3 |a La conexión en el proceso penal 
300 |a 222 p 
942 |c BK 
945 |d 19900326 00:00:00 
260 |a Pamplona  |b Universidad de Navarra  |c 1972 
650 0 |a Procedimiento penal  |9 254974 
583 |a last modification  |c 19900326 00:00:00  |k Rodrigo Vera 
999 |c 209267  |d 209265 
952 |0 0  |1 0  |4 0  |6 345_050000000000000_OLI_1972  |7 0  |8 A  |9 184584  |a BIBDER  |b BIBDER  |d 2019-11-14  |i 2518872  |o 345.05 OLI 1972  |p 2518872  |r 2023-01-25  |w 2019-11-14  |y BK  |k DER 
952 |0 0  |1 0  |4 0  |6 345_050000000000000_OLI_1972  |7 0  |8 A  |9 184585  |a BIBDER  |b BIBDER  |d 2019-11-14  |i 2518880  |o 345.05 OLI 1972  |p 2518880  |r 2023-01-25  |w 2019-11-14  |y BK  |k DER